| 000 | 00961nmc a2200325 a 4500 | ||
|---|---|---|---|
| 003 | AR-BaBNM | ||
| 005 | 20251128211617.0 | ||
| 008 | 065020s2002 ||||||||||||||000 | spa|| | ||
| 020 | _a84-7432-818-7 | ||
| 040 | _cAR-BaBNM | ||
| 100 | 1 | _aTeare, Richard | |
| 245 | 1 | 0 | _aOrganizaciones que aprenden y formación virtual |
| 260 |
_aBarcelona _bGedisa _c2002 |
||
| 300 |
_a414 p. _bgráfs., tablas |
||
| 490 | 0 |
_aBiblioteca de educación. Nuevas tecnologías _vv. 5 |
|
| 504 | _aContiene referencias bibliográficas al final de cada capítulo | ||
| 650 | 4 | _aORGANIZACIONES | |
| 650 | 4 | _aAPRENDIZAJE | |
| 650 | 4 | _aEDUCACION PERMANENTE | |
| 650 | 4 | _aEDUCACION Y EMPLEO | |
| 653 | _aEDUCACION VIRTUAL | ||
| 653 | _aCAPACITACION LABORAL | ||
| 653 | _aTEORIA DE LAS ORGANIZACIONES | ||
| 700 | 1 | _aDavies, David | |
| 700 | 1 | _aSandelands, Eric | |
| 800 | 1 | _aSangrà, Albert | |
| 800 | 1 | _aDuart, Josep Maria | |
| 942 | _cBK | ||
| 998 | _cme-solo cat | ||
| 999 |
_c20420 _d20420 |
||